Porque te engana o teu marido (Record no. 45755)
[ view plain ]
| 000 -Etiqueta do registo | |
|---|---|
| Valores | 00534cam a22001811 4500 |
| 100 ## - Dados gerais de processamento | |
| Dados gerais | 19931102d1942 km y0pory5003 ba |
| 101 1# - Língua de publicação | |
| Língua | por |
| 102 ## - País de publicação | |
| País | PT |
| 200 1# - Titulo e menção de responsabilidade | |
| Título próprio | Porque te engana o teu marido |
| Primeira menção de responsabilidade | Wenceslao Fernandez-Florez |
| Outras menções de responsabilidade | trad. de Rogério Perez |
| 210 #9 - Publicação | |
| Local de publicação | Porto |
| Nome do editor | Livraria Civilizacão, |
| Data de publicação | 1942 |
| 215 ## - Descrição física | |
| Paginação / Volumes | 178, [4] p. |
| Dimensões | 19 cm |
| 675 ## - CDU | |
| Notação | 821.134.4-9 |
| 700 #1 - Autor principal | |
| Apelido | Fernandez-Florez, |
| Nome | Wenceslao, |
| Datas | 1888- |
| 702 #1 - Autor secundário | |
| Apelido | Garcia Pérez, |
| Nome | Rogério, |
| Datas | 1890-1979 |
| Função | 730 |
| 801 #0 - Fonte de origem | |
| País | PT |
| Agência | BN |
| Regras de catalogação | RPC |
| 990 ## - Elementos KOHA | |
| Tipo de documento | Livro |
| Aquisição | Empréstimo | Código de barras | Cota | Permissão de empréstimo | Tipo de documento |
|---|---|---|---|---|---|
| Biblioteca Municipal de Redondo | Biblioteca Municipal de Redondo | 056986 | 821.134.3-9 FER | Livro |